000 00556nam a2200181 a 4500
003 BD-DhJNU
005 20250812051845.0
008 250501s2013 ii a b 001 0 eng
040 _aBD-DhJNU
_bENG
_cBD-DhJNU
_dBD-DhJNU
082 0 0 _a942.081 MAD
_223
100 1 _aMaurois, André.
245 1 0 _aDisraeli :
_ba picture of the Victorian age /
_cAndré. Maurois
260 _aLondon :
_bThe Bodley Head,
_c1962.
300 _axxii, 369 p. :
_bill. ;
_c21 cm.
504 _aIncludes bibliographical references and index.
650 0 _aBiographies
942 _cBK
999 _c1987
_d1987